00299nam a22000977a 4500040000900000082001700009100001700026245005800043260004200101650005800143 cNUST a620.118bCOM aC.E.Browning aComposite Materials: Quality Assurance And Processing aAmerica:bLibrary of Congress,c1983. 2Composite Materials: Quality Assurance And Processing